| 000 | 00440nam a2200133Ia 4500 | ||
|---|---|---|---|
| 008 | 250506s9999 xx 000 0 und d | ||
| 024 | _aNA | ||
| 082 | _a004.66072 HUS | ||
| 100 | _aYasir Hussain, Sara Sanullah & Masood Ahmed Munwar | ||
| 245 | 0 | _aImplementing VPN Types Over Wan Technologies Using Ipsec on Cisco Routers | |
| 260 |
_aKarachi: _bUIT, _c2000 |
||
| 600 | _aComputer System Engineering | ||
| 650 | _aBachelor of Engineering (BE) | ||
| 999 |
_c28703 _d28703 |
||